Cratilo.
Uloženo v:
| Hlavní autor: | |
|---|---|
| Další autoři: | |
| Médium: | Kniha |
| Jazyk: | španělština řečtina |
| Vydáno: |
México, D.F., México:
Universidad Nacional Autónoma de México,
1988.
|
| Vydání: | Primera edición. |
| Edice: | Biblioteca Scriptorum Graecorum et Romanorum Mexicana.
|
| Témata: | |
| Tagy: |
Přidat tag
Žádné tagy, Buďte první, kdo vytvoří štítek k tomuto záznamu!
|
MARC
| LEADER | 00000nam a2200000 a 4500 | ||
|---|---|---|---|
| 001 | UCX2509 | ||
| 003 | CL-VaPUC | ||
| 005 | 20220822114323.0 | ||
| 008 | 910606e19880000MX |||||||||||||||||spa|d | ||
| 999 | |c 223516 |d 223514 | ||
| 020 | |a 968-36-0207-X | ||
| 040 | |c Pontificia Universidad Católica de Valparaíso | ||
| 041 | 0 | 7 | |a spa |2 CL-VaPUC |
| 041 | 0 | 7 | |a gre |2 CL-VaPUC |
| 082 | 0 | 4 | |a 184 PLA 1988 |2 21 |
| 100 | 0 | |a Platón |e autor |9 222 | |
| 245 | 1 | 0 | |a Cratilo. |
| 250 | |a Primera edición. | ||
| 260 | |a México, D.F., México: |b Universidad Nacional Autónoma de México, |c 1988. | ||
| 300 | |a CXX, 90, CXLVVII páginas. | ||
| 490 | 0 | |a Biblioteca Scriptorum Graecorum et Romanorum Mexicana. | |
| 500 | |a c.3 Donación Familia Prof. Alejandro Guzmán Brito. | ||
| 583 | |a last modification |c 19910606 00:00:00 |k Rodrigo Vera | ||
| 650 | 0 | |a Filosofía antigua |9 255705 | |
| 650 | 0 | |a Filosofía griega |9 265579 | |
| 650 | 0 | |a Platonismo |9 265673 | |
| 700 | |a Schmidt Osmanczik, Ute |e introducción |e versión |e notas |9 865619 | ||
| 942 | |c BK |2 ddc |n 0 | ||
| 945 | |d 19910606 00:00:00 | ||
| 952 | |0 0 |1 0 |4 0 |6 184_000000000000000_PLA_1988 |7 0 |8 A |9 219418 |a BIBEDU |b BIBEDU |d 2019-11-15 |i 3208370 |l 1 |o 184 PLA 1988 |p 3208370 |r 2024-04-16 |s 2024-04-12 |w 2019-11-15 |y BK |k FIL | ||
| 952 | |0 0 |1 0 |4 0 |6 184_000000000000000_PLA_1988 |7 0 |8 A |9 219419 |a BIBEDU |b BIBEDU |d 2019-11-15 |i 343088K |l 1 |o 184 PLA 1988 |p 343088K |r 2024-10-07 |s 2024-10-04 |w 2019-11-15 |y BK |k FIL | ||
| 952 | |0 0 |1 0 |2 ddc |4 0 |6 184_000000000000000_PLA_1988 |7 1 |8 C_AGB |9 580226 |a BIBDER |b BIBDER |d 2022-01-06 |e Donación |i 5635594 |o 184 PLA 1988 |p 5635594 |r 2023-01-25 |t 3 |w 2022-01-06 |y BK_US |k AGB | ||